Louis & Victoria : (Record no. 130155)
[ view plain ]
| 000 -LEADER | |
|---|---|
| fixed length control field | 01210cam a2200337 a 4500 |
| 001 - CONTROL NUMBER | |
| control field | 4353878 |
| 003 - CONTROL NUMBER IDENTIFIER | |
| control field | ARRUPE |
| 005 - DATE AND TIME OF LATEST TRANSACTION | |
| control field | 20200121143025.0 |
| 008 - FIXED-LENGTH DATA ELEMENTS--GENERAL INFORMATION | |
| fixed length control field | 890929s1984 enkaf b 001 0ceng c |
| 010 ## - LIBRARY OF CONGRESS CONTROL NUMBER | |
| LC control number | 89190463 |
| 020 ## - INTERNATIONAL STANDARD BOOK NUMBER | |
| International Standard Book Number | 0297784706 |
| 020 ## - INTERNATIONAL STANDARD BOOK NUMBER | |
| International Standard Book Number | 0297785206 (pbk.) |
| 040 ## - CATALOGING SOURCE | |
| Original cataloging agency | MH |
| Transcribing agency | MH |
| Modifying agency | DLC |
| 043 ## - GEOGRAPHIC AREA CODE | |
| Geographic area code | e-uk--- |
| 050 14 - LIBRARY OF CONGRESS CALL NUMBER | |
| Classification number | DA88.1.M5 |
| Item number | H68 1984 |
| 300 ## - PHYSICAL DESCRIPTION | |
| Other physical details | ill. ; |
| Dimensions | 23 cm. |
| 100 1# - MAIN ENTRY--PERSONAL NAME | |
| Personal name | Hough, Richard, |
| Dates associated with a name | 1922-1999. |
| 9 (RLIN) | 48964 |
| 245 10 - TITLE STATEMENT | |
| Title | Louis & Victoria : |
| Remainder of title | the first Mountbattens / |
| Statement of responsibility, etc | Richard Hough. |
| 250 ## - EDITION STATEMENT | |
| Edition statement | 2nd ed. |
| 260 ## - PUBLICATION, DISTRIBUTION, ETC. (IMPRINT) | |
| Place of publication, distribution, etc | London : |
| Name of publisher, distributor, etc | Hutchinson of London, |
| Date of publication, distribution, etc | 1974. |
| 300 ## - PHYSICAL DESCRIPTION | |
| Extent | xvii, 424 p. ; |
| 504 ## - BIBLIOGRAPHY, ETC. NOTE | |
| Bibliography, etc | Includes bibliographical references (p. 392-[401]). |
| 600 10 - SUBJECT ADDED ENTRY--PERSONAL NAME | |
| Personal name | Milford Haven, Louis Alexander Mountbatten, |
| Titles and other words associated with a name | Marquis of, |
| Dates associated with a name | 1854-1921. |
| 9 (RLIN) | 48965 |
| 600 10 - SUBJECT ADDED ENTRY--PERSONAL NAME | |
| Personal name | Milford Haven, Victoria Alberta Elizabeth Mathilde Marie, |
| Titles and other words associated with a name | Marchioness of, |
| Dates associated with a name | 1863-1950. |
| 9 (RLIN) | 48966 |
| 600 30 - SUBJECT ADDED ENTRY--PERSONAL NAME | |
| Personal name | Mountbatten family. |
| 9 (RLIN) | 48967 |
| 600 30 - SUBJECT ADDED ENTRY--PERSONAL NAME | |
| Personal name | Battenberg family. |
| 9 (RLIN) | 48968 |
| 650 #0 - SUBJECT ADDED ENTRY--TOPICAL TERM | |
| Topical term or geographic name as entry element | Princesses |
| Geographic subdivision | Great Britain |
| Form subdivision | Biography. |
| 9 (RLIN) | 48969 |
| 650 #0 - SUBJECT ADDED ENTRY--TOPICAL TERM | |
| Topical term or geographic name as entry element | Nobility |
| Geographic subdivision | Great Britain |
| Form subdivision | Biography. |
| 9 (RLIN) | 48970 |
| 740 0# - ADDED ENTRY--UNCONTROLLED RELATED/ANALYTICAL TITLE | |
| Uncontrolled related/analytical title | Louis and Victoria. |
| 906 ## - LOCAL DATA ELEMENT F, LDF (RLIN) | |
| a | 7 |
| b | cbc |
| c | orignew |
| d | u |
| e | ncip |
| f | 19 |
| g | y-gencatlg |
| 942 ## - ADDED ENTRY ELEMENTS (KOHA) | |
| Source of classification or shelving scheme | Library of Congress Classification |
| Koha item type | Monograph ( Printed materials) |
| Withdrawn status | Lost status | Source of classification or shelving scheme | Damaged status | Not for loan | Collection code | Home library | Current library | Shelving location | Date acquired | Total Checkouts | Full call number | Barcode | Date last seen | Price effective from | Koha item type |
|---|---|---|---|---|---|---|---|---|---|---|---|---|---|---|---|
| Library of Congress Classification | Main Collection | ARRUPE LIBRARY | ARRUPE LIBRARY | Main Collection | 21/01/2020 | DA88.1.M5 H68 1984 | 46600006172 | 21/01/2020 | 21/01/2020 | Monograph ( Printed materials) |